| 000 | 00488nam a22001697a 4500 | ||
|---|---|---|---|
| 003 | NUST - PNEC | ||
| 005 | 20170116180830.0 | ||
| 008 | 150730b xxu||||| |||| 00| 0 eng d | ||
| 020 | _a9780073401102 | ||
| 040 | _cLIBRARY | ||
| 082 | _a518 CHA | ||
| 100 |
_94585 _aChapra, Steven C. |
||
| 245 |
_aApplied numerical methods with MATLAB for engineers and scientists _cSteven C. Chapra |
||
| 250 | _a3rd ed | ||
| 650 |
_94587 _aNumerical analysis--Data processing _xMIS |
||
| 942 |
_2ddc _cBK |
||
| 999 |
_c64000 _d64000 |
||